Statistics for Countries That Have Sent a Sattelite To Space

Click here to take the quiz!

General Stats

  • This quiz has been taken 118 times
    (60 since last reset)
  • The average score is 9 of 11

Answer Stats

# Date of first launch Satellite Country % Correct
21958Explorer 1USA
100%
11957Sputnik 1Soviet Union
98%
51970Dong Fang Hong IChina
97%
61971ProsperoUnited Kingdom
97%
41970ŌsumiJapan
95%
31965AstérixFrance
92%
71980Rohini D1India
86%
102012Kwangmyŏngsŏng-3 Unit 2North Korea
75%
92009OmidIran
68%
81988Ofeq 1Israel
63%
112018ElectronNew Zealand
49%

Score Distribution

Percentile by Number Answered

Percent of People with Each Score

Your Score History

You have not taken this quiz since the last reset